| 000 | 01314cam a2200313 a 4500 | ||
|---|---|---|---|
| 001 | 53138 | ||
| 005 | 20230410120806.0 | ||
| 008 | 970505s1995 ve 000 0 spa | ||
| 010 | _a 97147615 | ||
| 035 | _a(OCoLC)ocm36748187 | ||
| 040 |
_aDLC _cDLC |
||
| 020 | _a9801212098 | ||
| 029 | 1 |
_aNLGGC _b247936650 |
|
| 035 | _a(OCoLC)36748187 | ||
| 043 | _as-ve--- | ||
| 050 | 1 | 4 |
_aHV4083.C3 _bG216p 1995 |
| 100 | 1 |
_aGarcía Ponce, Antonio, _d1929- |
|
| 245 | 1 | 4 |
_aLos pobres de Caracas, 1873-1907 : _bun estudio de la pobreza urbana / _cAntonio Garcâia Ponce. |
| 260 |
_a[Caracas] : _bInstituto Municipal de Publicaciones, Alcaldâia de Caracas, _c[1995] |
||
| 300 |
_a248 p. ; _c24 cm. |
||
| 500 | _aCover title. | ||
| 504 | _aIncludes bibliographical references (p. 407-416). | ||
| 520 | 1 |
_a"Study focuses on the poorest segment of the Caracas population. Based on census materials and other unpublished statistical sources (e.g. burial records), argues that the high incidence of poverty - 61.6 percent in 1891 - was not a significant political issue"--Handbook of Latin American Studies, v. 58. _uhttp://www.loc.gov/hlas/ |
|
| 650 | 0 |
_aPoor _zVenezuela _zCaracas _xHistory. |
|
| 651 | 0 |
_aCaracas (Venezuela) _xSocial conditions. |
|
| 942 |
_2lcc _cbk |
||
| 994 |
_aC0 _bDRFGD |
||
| 946 | _acsexposito | ||
| 999 |
_c51963 _d51963 |
||